[Event "SLO-ch U16"]
[Site "Murska Sobota"]
[Date "2013.02.23"]
[Round "2"]
[White "Mejak, Maj"]
[Black "Skuhala, Jernej"]
[Result "0-1"]
[WhiteElo "1766"]
[BlackElo "1938"]
[PlyCount "74"]
[EventDate "2013.02.23"]
[EventType "swiss"]
[EventRounds "9"]
[EventCountry "SLO"]
[SourceTitle "EXT 2022"]
[Source "ChessBase"]
[SourceDate "2021.10.06"]
[SourceVersion "1"]
[SourceVersionDate "2021.10.06"]
[SourceQuality "1"]

1. e4 c5 2. Nf3 d6 3. d4 cxd4 4. Nxd4 Nf6 5. Nc3 a6 6. Be3 e5 7. Nb3 Be7 8. Bc4 Be6 9. Bd5 Nc6 10. f3 Rc8 11. a3 0-0 12. 0-0 Nh5 13. Rc1 Bg5 14. Qe2 Bf4 15. Bxf4 Nxf4 16. Qd2 Nd4 17. Nxd4 exd4 18. Qxf4 dxc3 19. b3 Qb6+ 20. Kh1 Bxd5 21. exd5 Qc5 22. Qb4 Qxd5 23. Rfd1 Qg5 24. Qxd6 Rc6 25. Qd5 Qe7 26. a4 Re6 27. Qd4 Rc8 28. Kg1 h6 29. Rf1 Rd6 30. Qe4 Re6 31. Qd4 Re3 32. Rcd1 Re2 33. Rf2 Re6 34. Qd5 Re8 35. Qd3 Re3 36. Qd4 b5 37. Qd7 Qe5 0-1

[Event "SLO-ch U14"]
[Site "Debeli Rtic"]
[Date "2012.02.24"]
[Round "9"]
[White "Drobnic, Milan"]
[Black "Mejak, Maj"]
[Result "0-1"]
[WhiteElo "1679"]
[BlackElo "1746"]
[PlyCount "120"]
[EventDate "2012.02.18"]
[EventType "swiss"]
[EventRounds "9"]
[EventCountry "SLO"]
[SourceTitle "EXT 2022"]
[Source "ChessBase"]
[SourceDate "2021.10.06"]
[SourceVersion "1"]
[SourceVersionDate "2021.10.06"]
[SourceQuality "1"]

1. e4 e6 2. d4 d5 3. exd5 exd5 4. Be3 Bd6 5. Bd3 Nf6 6. c3 0-0 7. Nf3 Bg4 8. Nbd2 Re8 9. 0-0 Nbd7 10. Qc2 h6 11. h3 Bxf3 12. Nxf3 c6 13. Rfe1 Qc7 14. b3 Bf4 15. Bd2 Nh5 16. Nh4 Ndf6 17. Nf5 Bxd2 18. Qxd2 Nf4 19. Ne3 Nxd3 20. Qxd3 Re6 21. g3 Rae8 22. Kg2 Ne4 23. a4 Rf6 24. Ng4 Rfe6 25. Ne5 f6 26. Nf3 Nd6 27. Rxe6 Rxe6 28. Re1 Re4 29. Re3 Qe7 30. h4 Kf8 31. Nd2 Rxe3 32. Qxe3 Qxe3 33. fxe3 Kf7 34. Kf3 f5 35. a5 Kf6 36. b4 g5 37. hxg5+ Kxg5 38. Kg2 Kg4 39. Nf3 Ne4 40. Ne5+ Kg5 41. c4 Nc3 42. cxd5 Nxd5 43. Kf3 Nxb4 44. Nf7+ Kg6 45. Nd6 b6 46. axb6 axb6 47. Nc4 b5 48. Ne5+ Kf6 49. Nd7+ Ke7 50. Nc5 Nd5 51. Nb3 Kf6 52. Nc5 Ne7 53. Kf4 Ng6+ 54. Kf3 Nf8 55. Nb3 Ke6 56. Ke2 Kd5 57. Kd3 Ne6 58. Nd2 Ng5 59. Kc2 Ne4 60. Nf1 Kc4 0-1

[Event "SLO-ch U12"]
[Site "Rogaska Slatina"]
[Date "2009.02.26"]
[Round "8"]
[White "Stariha, Andraz"]
[Black "Mejak, Maj"]
[Result "0-1"]
[WhiteElo "1515"]
[BlackElo "1535"]
[PlyCount "60"]
[EventDate "2009.02.22"]
[EventType "swiss"]
[EventRounds "9"]
[EventCountry "SLO"]
[SourceTitle "CBM 129 Extra"]
[Source "ChessBase"]
[SourceDate "2009.05.05"]
[SourceVersion "2"]
[SourceVersionDate "2009.05.20"]
[SourceQuality "1"]

1. e4 e6 2. d4 d5 3. e5 c5 4. c3 Nc6 5. Nf3 Qb6 6. a3 Bd7 7. b4 c4 8. Be2 a5 9. Be3 axb4 10. 0-0 bxa3 11. Qc2 Na5 12. Nxa3 Nb3 13. Qb2 Qa5 14. Nc2 Nxa1 15. Rxa1 Qd8 16. Qxb7 Rxa1+ 17. Nxa1 Qc8 18. Qb6 Ne7 19. Bg5 h6 20. Bh4 Nf5 21. Bg3 Nxg3 22. fxg3 Qa8 23. Kf2 Be7 24. Qb2 0-0 25. Nc2 Rb8 26. Qc1 Qa5 27. Ne3 Ba3 28. Qa1 Rb3 29. Nd2 Bb4 30. Qxa5 Bxa5 0-1

[Event "SLO-ch U12"]
[Site "Rogaska Slatina"]
[Date "2009.02.25"]
[Round "6"]
[White "Mejak, Maj"]
[Black "Bratkovic, Sham"]
[Result "1/2-1/2"]
[WhiteElo "1535"]
[BlackElo "1503"]
[PlyCount "78"]
[EventDate "2009.02.22"]
[EventType "swiss"]
[EventRounds "9"]
[EventCountry "SLO"]
[SourceTitle "CBM 129 Extra"]
[Source "ChessBase"]
[SourceDate "2009.05.05"]
[SourceVersion "2"]
[SourceVersionDate "2009.05.20"]
[SourceQuality "1"]

1. d4 d5 2. c4 e6 3. e3 Nf6 4. Nc3 Bb4 5. Bd2 0-0 6. a3 Bxc3 7. Bxc3 b6 8. Nf3 Nbd7 9. cxd5 exd5 10. Bb5 Bb7 11. 0-0 Ne4 12. Bd3 Ndf6 13. Nd2 Qe7 14. Nxe4 Nxe4 15. Bxe4 Qxe4 16. Qb1 Qg4 17. h3 Qg5 18. Qd1 c5 19. Qf3 Rab8 20. b4 h6 21. bxc5 bxc5 22. Rab1 Ba6 23. Rfe1 Rxb1 24. Rxb1 c4 25. e4 Qg6 26. Re1 dxe4 27. Qxe4 Qxe4 28. Rxe4 Bb5 29. d5 Rd8 30. Rd4 f6 31. d6 Kf7 32. Bb4 c3 33. Bxc3 Ke6 34. Bb4 Rd7 35. Re4+ Kf7 36. Re7+ Rxe7 37. dxe7 a6 38. f3 Ke8 39. Kf2 Kf7 1/2-1/2

[Event "SLO-ch U12"]
[Site "Rogaska Slatina"]
[Date "2009.02.22"]
[Round "2"]
[White "Mejak, Maj"]
[Black "Skuhala, Jernej"]
[Result "0-1"]
[WhiteElo "1535"]
[BlackElo "1651"]
[PlyCount "78"]
[EventDate "2009.02.22"]
[EventType "swiss"]
[EventRounds "9"]
[EventCountry "SLO"]
[SourceTitle "CBM 129 Extra"]
[Source "ChessBase"]
[SourceDate "2009.05.05"]
[SourceVersion "2"]
[SourceVersionDate "2009.05.20"]
[SourceQuality "1"]

1. e4 c5 2. c3 d5 3. exd5 Qxd5 4. d4 cxd4 5. Qxd4 Qxd4 6. cxd4 Nc6 7. Bb5 Bd7 8. d5 Nb4 9. Bxd7+ Kxd7 10. Kd2 Nxd5 11. Nf3 Ngf6 12. Kd3 Nb4+ 13. Kc3 Nfd5+ 14. Kb3 a5 15. a4 Rc8 16. Rd1 Ke8 17. Nc3 Nc7 18. Be3 g6 19. Bd4 f6 20. Rd2 Bh6 21. Be3 Bxe3 22. fxe3 Nca6 23. Rad1 Kf7 24. Ne4 Ke8 25. Nc3 Nc5+ 26. Ka3 Nca6 27. Nd5 Nc2+ 28. Kb3 Nab4 29. Nxb4 Nxb4 30. Rd7 Na6 31. Ka3 Nc5 32. R7d5 b6 33. Rc1 Kf7 34. Rcd1 Ne4 35. Rb5 Nd6 36. Rb3 Rhd8 37. Rdd3 Rc2 38. Nd2 Rxd2 39. Rxd2 Nc4+ 0-1

[Event "SLO-ch U10"]
[Site "Postojna"]
[Date "2008.02.28"]
[Round "7"]
[White "Mejak, Maj"]
[Black "Jarc, Jakob"]
[Result "1/2-1/2"]
[WhiteElo "1500"]
[BlackElo "1500"]
[PlyCount "80"]
[EventDate "2008.02.24"]
[EventType "swiss"]
[EventRounds "9"]
[EventCountry "SLO"]
[SourceTitle "EXT 2010"]
[Source "ChessBase"]
[SourceDate "2010.11.25"]
[SourceVersion "1"]
[SourceVersionDate "2010.11.25"]
[SourceQuality "1"]

1. e4 e5 2. Nf3 Nc6 3. Bc4 Nf6 4. d3 Bc5 5. Bg5 0-0 6. 0-0 h6 7. Bh4 Be7 8. Nc3 d6 9. h3 a6 10. a3 Nd4 11. Nxd4 exd4 12. Nd5 Nxd5 13. Bxe7 Qxe7 14. Bxd5 Qg5 15. Qf3 c6 16. Bb3 Be6 17. Ba2 d5 18. Qg3 Qxg3 19. fxg3 dxe4 20. dxe4 Bxa2 21. Rxa2 Rad8 22. Raa1 d3 23. cxd3 Rxd3 24. Rf3 Rxf3 25. gxf3 g5 26. Rd1 Kg7 27. Rd7 b5 28. Kf2 Kg6 29. Rd6+ f6 30. Rxc6 a5 31. g4 Rd8 32. Ke2 Re8 33. Rc5 Re5 34. Rxe5 fxe5 35. Kd3 Kf6 36. b3 Ke6 37. a4 bxa4 38. bxa4 Kd6 39. Kc4 Kc6 40. Kb3 Kb6 1/2-1/2

[Event "SLO-ch U10"]
[Site "Postojna"]
[Date "2008.02.25"]
[Round "3"]
[White "Mejak, Maj"]
[Black "Hajna, Miha"]
[Result "1-0"]
[WhiteElo "1500"]
[BlackElo "1517"]
[PlyCount "195"]
[EventDate "2008.02.24"]
[EventType "swiss"]
[EventRounds "9"]
[EventCountry "SLO"]
[SourceTitle "EXT 2010"]
[Source "ChessBase"]
[SourceDate "2010.11.25"]
[SourceVersion "1"]
[SourceVersionDate "2010.11.25"]
[SourceQuality "1"]

1. e4 c5 2. Nc3 Nc6 3. Bc4 d6 4. d3 Nf6 5. Bg5 g6 6. Nf3 Bg7 7. 0-0 0-0 8. Qd2 Ng4 9. h3 Nge5 10. Nxe5 Nxe5 11. Bb3 Bxh3 12. f4 Bxg2 13. Qxg2 Nc6 14. Qh2 Qd7 15. Bh6 Qg4+ 16. Kh1 Nd4 17. Bxg7 Kxg7 18. Rg1 Qd7 19. Qg2 e5 20. Raf1 Ne6 21. f5 Nf4 22. Qg4 Qd8 23. Nd5 Nxd5 24. Bxd5 Kh8 25. Qg5 Qxg5 26. Rxg5 f6 27. Rg3 g5 28. b3 Rab8 29. Kg2 Kg7 30. Rc1 b6 31. Rd1 a5 32. c3 b5 33. d4 Rbc8 34. dxe5 dxe5 35. Be6 Rc7 36. Rd7+ Rxd7 37. Bxd7 Rd8 38. Rd3 b4 39. cxb4 axb4 40. Bb5 Rxd3 41. Bxd3 h5 42. Be2 Kh6 43. Kh3 h4 44. Kg4 Kg7 45. Kh5 Kh7 46. Kg4 Kg7 47. Kh3 Kh6 48. Bg4 Kg7 49. Kg2 Kf7 50. Kf3 Ke7 51. Ke3 Kd6 52. Kd3 Kc6 53. Kc4 Kb6 54. Kd5 Kb5 55. Be2+ Kb6 56. Kd6 h3 57. Bf3 h2 58. Bg2 Kb5 59. Kd5 g4 60. Bh1 Kb6 61. Kc4 Kc6 62. Bg2 Kb6 63. Kd5 Kb5 64. Ke6 c4 65. bxc4+ Kxc4 66. Kxf6 Kc3 67. Ke7 Kb2 68. f6 Kxa2 69. f7 b3 70. f8Q b2 71. Qa8+ Kb3 72. Qb7+ Kc2 73. Qc6+ Kd2 74. Qd5+ Kc2 75. Qc4+ Kd2 76. Qb3 Kc1 77. Qc3+ Kb1 78. Kd6 Ka2 79. Qa5+ Kb3 80. Qb5+ Kc2 81. Qc4+ Kd2 82. Qb3 Kc1 83. Qc3+ Kb1 84. Kc5 Ka2 85. Qa5+ Kb3 86. Qb4+ Kc2 87. Qc4+ Kd2 88. Qb3 Kc1 89. Qc3+ Kb1 90. Kb4 h1Q 91. Bxh1 Ka2 92. Qa3+ Kb1 93. Kb3 Kc1 94. Qxb2+ Kd1 95. Kc3 Ke1 96. Kd3 Kf1 97. Ke3 Kg1 98. Qg2# 1-0